Essentials of human anatomy & physiology / (Record no. 11021)
[ view plain ]
| 000 -LEADER | |
|---|---|
| fixed length control field | 01933cam a22004334a 4500 |
| 001 - CONTROL NUMBER | |
| control field | 15038445 |
| 005 - DATE AND TIME OF LATEST TRANSACTION | |
| control field | 20080122130948.0 |
| 008 - FIXED-LENGTH DATA ELEMENTS--GENERAL INFORMATION | |
| fixed length control field | 071005s2009 caua 001 0 eng |
| 010 ## - LIBRARY OF CONGRESS CONTROL NUMBER | |
| LC control number | 2007041750 |
| 016 7# - NATIONAL BIBLIOGRAPHIC AGENCY CONTROL NUMBER | |
| Record control number | 101318124 |
| Source | DNLM |
| 020 ## - INTERNATIONAL STANDARD BOOK NUMBER | |
| International Standard Book Number | 0321535413 (CD- Rom) |
| 020 ## - INTERNATIONAL STANDARD BOOK NUMBER | |
| International Standard Book Number | 9780321544117 |
| 020 ## - INTERNATIONAL STANDARD BOOK NUMBER | |
| International Standard Book Number | 0321544110 |
| 035 ## - SYSTEM CONTROL NUMBER | |
| System control number | (OCoLC)ocn174094368 |
| 035 ## - SYSTEM CONTROL NUMBER | |
| System control number | (OCoLC)174094368 |
| 040 ## - CATALOGING SOURCE | |
| Original cataloging agency | DNLM/DLC |
| Transcribing agency | DLC |
| Modifying agency | YDX |
| -- | NLM |
| -- | BTCTA |
| -- | YDXCP |
| -- | DLC |
| 042 ## - AUTHENTICATION CODE | |
| Authentication code | pcc |
| 050 00 - LIBRARY OF CONGRESS CALL NUMBER | |
| Classification number | QP34.5 |
| Item number | .M455 2009 |
| 060 10 - NATIONAL LIBRARY OF MEDICINE CALL NUMBER | |
| Classification number | QS 4 |
| Item number | M334e 2009 |
| 082 00 - DEWEY DECIMAL CLASSIFICATION NUMBER | |
| Classification number | 612 |
| Edition number | 22 |
| Item number | MAR NR |
| 100 1# - MAIN ENTRY--PERSONAL NAME | |
| Personal name | Marieb, Elaine Nicpon, |
| Dates associated with a name | 1936- |
| 245 10 - TITLE STATEMENT | |
| Title | Essentials of human anatomy & physiology / |
| Statement of responsibility, etc | Elaine N. Marieb. |
| 246 3# - VARYING FORM OF TITLE | |
| Title proper/short title | Essentials of human anatomy and physiology |
| 250 ## - EDITION STATEMENT | |
| Edition statement | 9th ed. |
| Remainder of edition statement | Pearson international edition. |
| 260 ## - PUBLICATION, DISTRIBUTION, ETC. (IMPRINT) | |
| Place of publication, distribution, etc | San Francisco, CA : |
| Name of publisher, distributor, etc | Pearson/Benjamin Cummings, |
| Date of publication, distribution, etc | c2009. |
| 300 ## - PHYSICAL DESCRIPTION | |
| Extent | xxiv, 632 p. : |
| Other physical details | ill. (chiefly col.) ; |
| Dimensions | 28 cm. + |
| Accompanying material | 1 CD-ROM (4 3/4 in.) |
| 500 ## - GENERAL NOTE | |
| General note | Includes index. |
| 650 #0 - SUBJECT ADDED ENTRY--TOPICAL TERM | |
| Topical term or geographic name as entry element | Human physiology. |
| 650 #0 - SUBJECT ADDED ENTRY--TOPICAL TERM | |
| Topical term or geographic name as entry element | Human anatomy. |
| 650 12 - SUBJECT ADDED ENTRY--TOPICAL TERM | |
| Topical term or geographic name as entry element | Anatomy. |
| 650 22 - SUBJECT ADDED ENTRY--TOPICAL TERM | |
| Topical term or geographic name as entry element | Physiological Processes. |
| 650 22 - SUBJECT ADDED ENTRY--TOPICAL TERM | |
| Topical term or geographic name as entry element | Physiology. |
| 942 ## - ADDED ENTRY ELEMENTS (KOHA) | |
| Source of classification or shelving scheme | Dewey Decimal Classification |
| Item type | Book - Borrowing |
| Withdrawn status | Item status | Source of classification or shelving scheme | Damaged status | Not for loan | Vendor | Home library | Current library | Shelving location | Date acquired | Source of acquisition | Total Checkouts | Total Renewals | Full call number | Barcode | Date last seen | Date last borrowed | Koha item type | Materials specified (bound volume or other part) |
|---|---|---|---|---|---|---|---|---|---|---|---|---|---|---|---|---|---|---|
| Dewey Decimal Classification | Central Library | Central Library | First floor | 08/03/2009 | 21 | 3 | 612 MAR NR | 000015171 | 15/07/2025 | 18/12/2013 | NB - Book (Non borrowing) | |||||||
| Lost | Dewey Decimal Classification | Central Library | Central Library | First floor | 08/03/2009 | 1 | 612 MAR NR | 000015163 | 27/09/2010 | 27/09/2010 | CD | DVD - With book | Lost In Inventory_2015-8-23 | ||||||
| Dewey Decimal Classification | Central Library | Central Library | First floor | 08/03/2009 | 25 | 18 | 612 MAR NR | 000015164 | 15/07/2025 | 11/10/2022 | Book - Borrowing | |||||||
| Dewey Decimal Classification | Central Library | Central Library | First floor | 08/03/2009 | 6 | 4 | 612 MAR NR | 000015165 | 24/08/2022 | 13/10/2015 | CD | DVD - With book |